000 00360nam a2200133Ia 4500
008 240624s9999 xx 000 0 und d
041 _aeng
082 _a338.0973 BOE
100 _aBOETTCHER JENNIFER C
245 _aINDUSTRY RESEARCH USING THE ECONOMIC CEN
260 _c2004
_aLondon
_bGreenwood Press
300 _axv, : 305 : p. : cm. ; 28
365 _c
_b26
999 _c20640
_d20640